000 03169cam a2200529 i 4500
001 data
005 20260322212123.0
008 data
035 _a19604278
906 _a7
_bcbc
_ccopycat
_d2
_encip
_f20
_gy-gencatlg
925 0 _aacquire
_b1 shelf copy
_xpolicy default
010 _a 2017304323
015 _aGBB8K5656
_2bnb
016 7 _a018231653
_2Uk
020 _a8776749924
020 _a9788776749927
_q(paperback)
035 _a(OCoLC)966925160
040 _aYDX
_beng
_cYDX
_erda
_dDLC
_dOHX
_dOCLCF
_dSTF
_dGZM
_dWTU
_dGUA
_dUAB
_dGRU
_dUKMGB
_dOCLCO
_dDLC
041 1 _aeng
_hdan
042 _alccopycat
050 0 0 _aCT22
_b.P6813 2017
082 0 4 _a809.93592
_223
100 1 _aPossing, Birgitte,
_d1952-
_eauthor.
240 1 0 _aInd i biografien.
_lEnglish
245 1 0 _aUnderstanding biographies :
_bon biographies in history and stories in biography /
_cBirgitte Possing ; translated from the Danish by Gaye Kynoch.
264 1 _aOdense :
_bUniversity Press of Southern Denmark,
_c2017.
300 _a232 pages :
_billustrations ;
_c23 cm.
336 _atext
_btxt
_2rdacontent
337 _aunmediated
_bn
_2rdamedia
338 _avolume
_bnc
_2rdacarrier
490 0 _aUniversity of Southern Denmark studies in history and social sciences ;
_vvol. 538
500 _aRevised and translated version of the author's Ind i biografien published in 2015.
504 _aIncludes bibliographical references (pages 197-227) and index.
505 0 0 _gIndex.
_tWho is right : the archive rat or the stylist? --
_tWhere's the muscle? --
_tThe biography dies, and is reborn --
_tBiographical definitions --
_tBiographical relevance and historical weight of the individual --
_tBiographical gender --
_tWho are the biographers - who are their protagonists? --
_tBiographical archetypes --
_tAttitudes, principles, and critics --
_tConventions and innovations --
_tDusting down and new biographies --
_tThe elastic principles of biography --
_tThe biographical triangle --
_tFriend, enemy, puppeteer or ghostwriter --
_tBiographical ethics --
_tWhere is privacy --
_tA higher form of cannibalism? --
_tTread softly - for you tread on my life --
_tPosthumous privacy --
_tBiographical muscle --
_tFour biographies, and how they were read, written and reviewed --
_tFour biographies --
_tJust for fun --
_tThe Tautology of myth --
_tLife caught between light and darkness --
_tWho is right : the archive rat or the stylist? --
_gAcknowledgements --
_gLiterature, references, index --
_gLiterature --
_gJournals and newspapers --
_gReferences --
_gIndex.
546 _aTranslated from the Danish.
650 0 _aBiography as a literary form.
650 0 _aBiography.
650 6 _aBiographie (Genre littéraire)
650 6 _aBiographies.
650 7 _abiographies (literary works)
_2aat
650 7 _acollective biographies.
_2aat
650 7 _aBiography.
_2fast
_0(OCoLC)fst00832149
650 7 _aBiography as a literary form.
_2fast
_0(OCoLC)fst00832172
700 1 _aKynoch, Gaye,
_etranslator.
830 0 _aUniversity of Southern Denmark studies in history and social sciences ;
_vv. 538.
999 _c1902
_d1902